Уменьшение влияния электропроводности при контроле толщины изделий вихретоковыми преобразователями; Научная инициатива иностранных студентов и аспирантов российских вузов; Т. 1

Bibliografiske detaljer
Parent link:Научная инициатива иностранных студентов и аспирантов российских вузов: сборник докладов VI Всероссийской научно-практической конференции, Томск, 24-26 апреля 2013 г./ Ассоциация иностранных студентов в России (АИС); Национальный исследовательский Томский политехнический университет (ТПУ), Институт международного образования и языковой коммуникации (ИМОЯК).— , 2013
Т. 1.— 2013.— [С. 292-296]
Hovedforfatter: Май Хуи Хиеу
Institution som forfatter: Национальный исследовательский Томский политехнический университет (ТПУ) Институт неразрушающего контроля (ИНК) Кафедра информационно-измерительной техники (ИИТ)
Andre forfattere: Булгаков В. Ф. Валерий Федорович (научный руководитель)
Summary:Заглавие с титульного экрана
Sprog:russisk
Udgivet: 2013
Serier:Техническое направление
Fag:
Online adgang:http://www.lib.tpu.ru/fulltext/c/2013/C19/V1/049.pdf
Format: MixedMaterials Electronisk Book Chapter
KOHA link:https://koha.lib.tpu.ru/cgi-bin/koha/opac-detail.pl?biblionumber=605500

MARC

LEADER 00000naa2a2200000 4500
001 605500
005 20231101132345.0
035 |a (RuTPU)RU\TPU\conf\2802 
035 |a RU\TPU\conf\2799 
090 |a 605500 
100 |a 20140416d2013 k y0rusy50 ca 
101 0 |a rus 
102 |a RU 
105 |a y z 101zy 
135 |a drnn ---uucaa 
181 0 |a i  
182 0 |a b 
200 1 |a Уменьшение влияния электропроводности при контроле толщины изделий вихретоковыми преобразователями  |f Май Хуи Хиеу  |g науч. рук. В. Ф. Булгаков 
203 |a Текст  |c электронный 
225 1 |a Техническое направление 
230 |a 1 компьютерный файл (pdf; 520 Kb) 
300 |a Заглавие с титульного экрана 
320 |a [Библиогр.: с. 296 (4 назв.)] 
337 |a Adobe Reader 
461 1 |0 (RuTPU)RU\TPU\conf\71  |t Научная инициатива иностранных студентов и аспирантов российских вузов  |o сборник докладов VI Всероссийской научно-практической конференции, Томск, 24-26 апреля 2013 г.  |f Ассоциация иностранных студентов в России (АИС); Национальный исследовательский Томский политехнический университет (ТПУ), Институт международного образования и языковой коммуникации (ИМОЯК)  |o в 2 т.  |d 2013 
463 1 |0 (RuTPU)RU\TPU\conf\72  |t Т. 1  |v [С. 292-296]  |d 2013 
610 1 |a труды учёных ТПУ 
610 1 |a электронный ресурс 
610 1 |a электропроводность 
610 1 |a толщина 
610 1 |a вихретоковые преобразователи 
610 1 |a изделия 
700 0 |a Май Хуи Хиеу 
702 1 |a Булгаков  |b В. Ф.  |c специалист в области неразрушающего контроля  |c доцент Томского политехнического университета, кандидат технических наук  |f 1949-  |g Валерий Федорович  |2 stltpush  |4 727 
712 0 2 |a Национальный исследовательский Томский политехнический университет (ТПУ)  |b Институт неразрушающего контроля (ИНК)  |b Кафедра информационно-измерительной техники (ИИТ)  |h 67  |2 stltpush  |3 (RuTPU)RU\TPU\col\18718 
801 2 |a RU  |b 63413507  |c 20230320  |g RCR 
856 4 |u http://www.lib.tpu.ru/fulltext/c/2013/C19/V1/049.pdf 
942 |c BK